000 00507nam a2200181Ia 4500
008 090123s9999 xx 000 0 und d
082 _b22138
100 _aमुजावर बशीर
245 _aगूढ कथा
250 _a0
260 _bसाहेबजी प्रकाशन
_c1993
300 _a200
600 _aमुजावर बशीर
630 _aगूढ कथा
700 _aमुजावर बशीर
730 _aगूढ कथा
942 _cBOOK
999 _c60210
_d60210